[Event "Junior Online 4NCL Division 2"]
[Site "online"]
[Date "2020.09.17"]
[Round "3.33"]
[White "Tandon, Ashley"]
[Black "Walia, Michael Kanishk"]
[Result "0-1"]
[WhiteElo "911"]
[BlackElo "1405"]
[PlyCount "170"]
[EventDate "2020.09.17"]
[WhiteTeam "East Kilbride Knights"]
[BlackTeam "May The Fork Be With You 2"]

1. d4 e6 2. c4 d5 3. cxd5 exd5 4. Nc3 Nf6 5. Bg5 Nbd7 6. a3 c6 7. e3 Qa5 8. Bd3
Ne4 9. Bxe4 dxe4 10. Bf4 Nf6 11. h3 Be7 12. Nge2 O-O 13. O-O Be6 14. Qc2 Qf5
15. Ng3 Qg6 16. Ncxe4 Nd5 17. Qe2 Bh4 18. Qf3 Nxf4 19. Qxf4 Bxg3 20. Nxg3 Bd5
21. e4 Be6 22. Rad1 f5 23. exf5 Bxf5 24. Nxf5 Rxf5 25. Qe3 Rg5 26. g3 Rh5 27.
Qb3+ Kh8 28. g4 Rb5 29. Qc3 Qf7 30. b4 a5 31. f4 axb4 32. axb4 Ra4 33. Ra1 Rxa1
34. Rxa1 h6 35. Rf1 Rd5 36. f5 Qf6 37. Rd1 Kh7 38. Qe3 Rb5 39. Qc3 Rd5 40. Kg2
Qg5 41. Qg3 Qe7 42. Qc3 Qe2+ 43. Kg3 Qxd1 44. Qf3 Qxf3+ 45. Kxf3 Rxd4 46. Ke3
Rxb4 47. Kd3 Rb3+ 48. Kc4 Rxh3 49. Kc5 Rh4 50. Kd4 Rxg4+ 51. Kc5 Rg5 52. Kc4
Rxf5 53. Kb4 b5 54. Kc3 c5 55. Kb3 c4+ 56. Kc3 g5 57. Kc2 b4 58. Kb2 c3+ 59.
Kc2 g4 60. Kb3 g3 61. Kc2 g2 62. Kb3 g1=Q 63. Kc2 Rf2+ 64. Kb3 Qb1+ 65. Kc4
Rf4+ 66. Kb5 Qa2 67. Kc5 Rf5+ 68. Kxb4 Qb2+ 69. Kc4 Qb5+ 70. Kxc3 Rf3+ 71. Kd4
Rf4+ 72. Kc3 Qb3+ 73. Kxb3 h5 74. Kc2 h4 75. Kd2 h3 76. Ke3 Rf7 77. Ke2 h2 78.
Ke3 h1=Q 79. Kd3 Re7 80. Kd4 Qd1+ 81. Kc5 Rc7+ 82. Kb6 Qc1 83. Kb5 Qb1+ 84. Ka6
Rb7 85. Ka5 Ra7# 0-1

[Event "Junior Online 4NCL Division 2"]
[Site "online"]
[Date "2020.09.17"]
[Round "3.34"]
[White "Lyons, Joseph"]
[Black "Nagar, Nikunj"]
[Result "0-1"]
[WhiteElo "1367"]
[BlackElo "653"]
[PlyCount "128"]
[EventDate "2020.09.17"]
[WhiteTeam "May The Fork Be With You 2"]
[BlackTeam "East Kilbride Knights"]

1. e4 c5 2. Nf3 d6 3. Bc4 e6 4. Nc3 Nc6 5. d3 Nf6 6. Bg5 g6 7. O-O Bg7 8. Re1
O-O 9. h3 Bd7 10. e5 dxe5 11. Nxe5 Nxe5 12. Rxe5 Qc7 13. Re1 a6 14. Qf3 Nh5 15.
Rad1 b5 16. Bb3 c4 17. dxc4 bxc4 18. Ba4 Bxc3 19. Rxd7 Qa5 20. Qxc3 Qxg5 21.
Bc6 Rac8 22. Bf3 Nf4 23. Re5 Nxh3+ 24. Kf1 Qc1+ 25. Bd1 Rcd8 26. Qd2 Qxd2 27.
Rxd2 Rxd2 28. Ke1 Rxf2 29. gxh3 Rh2 30. Re3 Rh1+ 31. Ke2 Rh2+ 32. Ke1 Rd8 33.
Be2 Rh1+ 34. Kf2 Rd2 35. Kf3 Rxh3+ 36. Ke4 Rxe3+ 37. Kxe3 Rxc2 38. b3 cxb3 39.
axb3 Rb2 40. Bxa6 Rxb3+ 41. Kf4 Rb4+ 42. Ke5 Ra4 43. Bb5 Ra5 44. Ke4 Rxb5 45.
Kd4 e5+ 46. Ke3 f5 47. Kf3 e4+ 48. Ke3 f4+ 49. Kxe4 Re5+ 50. Kxf4 Rf5+ 51. Kg4
h5+ 52. Kg3 g5 53. Kh3 g4+ 54. Kg3 Kg7 55. Kh4 Kg6 56. Kg3 Kg5 57. Kg2 Rf3 58.
Kh2 h4 59. Kg2 h3+ 60. Kh2 g3+ 61. Kg1 h2+ 62. Kg2 Kf4 63. Kh1 Rf1+ 64. Kg2
h1=Q# 0-1

[Event "Junior Online 4NCL Division 2"]
[Site "online"]
[Date "2020.09.17"]
[Round "3.35"]
[White "Shah, Rahul"]
[Black "Madhavan, Sanjith"]
[Result "0-1"]
[WhiteElo "1502"]
[BlackElo "1466"]
[PlyCount "124"]
[EventDate "2020.09.17"]
[WhiteTeam "May The Fork Be With You 2"]
[BlackTeam "East Kilbride Knights"]

1. d4 Nf6 2. c4 g6 3. Nc3 Bg7 4. Bg5 d6 5. e4 O-O 6. Nf3 c5 7. e5 dxe5 8. dxe5
Nfd7 9. Bf4 Nc6 10. Qd5 e6 11. Qe4 Qc7 12. Bd3 a6 13. O-O b6 14. Rfe1 Bb7 15.
Qe3 Rad8 16. a3 Ndb8 17. Bc2 Nd4 18. Bb1 Nbc6 19. Nd2 Ba8 20. h3 Qb7 21. f3 Rd7
22. Qe4 Rfd8 23. Kh2 Qc7 24. Qe3 Na5 25. b4 Nac6 26. bxc5 bxc5 27. Na4 Ne7 28.
Bg5 h6 29. Bxe7 Rxe7 30. Nb3 Red7 31. Nbxc5 Re7 32. Nxa6 Qxc4 33. N6c5 Bc6 34.
Rc1 Qb5 35. Rd1 Nxf3+ 36. gxf3 Rxd1 37. Bd3 Rxd3 38. Qxd3 Qxd3 39. Nxd3 Bxa4
40. Rc1 Kh7 41. Nb2 Bxe5+ 42. Kh1 Bxb2 43. Rb1 Bf6 44. Rb4 Bc6 45. Rc4 Bxf3+
46. Kg1 Rd7 47. Kf2 Bd5 48. Rc5 Bd4+ 49. Kg3 Bxc5 50. Kf4 Bxa3 51. Ke3 Rb7 52.
Kd3 Rb3+ 53. Kd4 Rxh3 54. Ke5 g5 55. Kf6 g4 56. Kxf7 g3 57. Kf6 g2 58. Ke5 g1=Q
59. Kf6 Qg5+ 60. Kf7 Rf3+ 61. Ke8 Qg8+ 62. Kd7 Rf7# 0-1

[Event "Junior Online 4NCL Division 2"]
[Site "online"]
[Date "2020.09.17"]
[Round "3.36"]
[White "Shrestha, Unnabh"]
[Black "Anand, Dhriti"]
[Result "0-1"]
[WhiteElo "1084"]
[BlackElo "1495"]
[PlyCount "114"]
[EventDate "2020.09.17"]
[WhiteTeam "East Kilbride Knights"]
[BlackTeam "May The Fork Be With You 2"]

1. d4 Nf6 2. Bf4 g6 3. e3 Bg7 4. Nf3 d6 5. c3 O-O 6. Nbd2 Nbd7 7. Be2 Re8 8.
Qc2 c5 9. O-O b6 10. a4 Bb7 11. h3 Rc8 12. Rfe1 cxd4 13. exd4 Nd5 14. Bh2 e5
15. dxe5 dxe5 16. Bc4 Qc7 17. Qb3 Nc5 18. Qa2 Rcd8 19. Rad1 Bc6 20. Ne4 Nxe4
21. Rxe4 Nb4 22. cxb4 Bxe4 23. Rxd8 Rxd8 24. Bg3 Bxf3 25. gxf3 Rd1+ 26. Kg2 Rc1
27. Bd5 Rd1 28. Be4 Rd2 29. Qb3 Rd4 30. Bd5 Qd7 31. Bc4 e4 32. fxe4 Rxe4 33.
Be2 Rxe2 34. Qc4 Rxb2 35. Qf4 Qb7+ 36. Kh2 Rb1 37. f3 Rb2+ 38. Kh1 Qc8 39. Qg4
Rb1+ 40. Kg2 Qc2+ 41. Bf2 Rb2 42. Qg3 Be5 43. Qh4 Qc8 44. Qe4 Bg7 45. Kh2 Rxf2+
46. Kg1 Rc2 47. Qe3 Rc1+ 48. Kg2 Qc2+ 49. Qf2 Qxf2+ 50. Kxf2 Ra1 51. a5 bxa5
52. bxa5 Rxa5 53. Kg3 Rb5 54. f4 a5 55. Kg4 a4 56. h4 a3 57. Kg3 a2 0-1

[Event "Junior Online 4NCL Division 2"]
[Site "online"]
[Date "2020.09.17"]
[Round "3.37"]
[White "Walia, Michael Kanishk"]
[Black "Tandon, Ashley"]
[Result "0-1"]
[WhiteElo "1405"]
[BlackElo "911"]
[PlyCount "54"]
[EventDate "2020.09.17"]
[WhiteTeam "May The Fork Be With You 2"]
[BlackTeam "East Kilbride Knights"]

1. e4 c6 2. d4 d5 3. Nc3 dxe4 4. Nxe4 Bf5 5. Ng3 Bg6 6. Nf3 Nd7 7. Bc4 e6 8.
O-O Ngf6 9. Nh4 Be7 10. Nxg6 hxg6 11. Qd3 Qc7 12. Re1 O-O-O 13. Bg5 Rh7 14.
Bxf6 Nxf6 15. a4 Rdh8 16. h3 a5 17. b4 Bxb4 18. c3 Bd6 19. Reb1 Bxg3 20. fxg3
Nh5 21. Kh2 g5 22. Rb2 g4 23. h4 Nxg3 24. Kg1 Rxh4 25. Rf1 Rh1+ 26. Kf2 Rxf1+
27. Ke3 Qf4# 0-1

[Event "Junior Online 4NCL Division 2"]
[Site "online"]
[Date "2020.09.17"]
[Round "3.41"]
[White "Conlon, Alexander"]
[Black "Jaberansari, Benjamin"]
[Result "1/2-1/2"]
[WhiteElo "1285"]
[BlackElo "1375"]
[PlyCount "117"]
[EventDate "2020.09.17"]
[WhiteTeam "Ojays E"]
[BlackTeam "St John's College B"]

1. c4 d5 2. cxd5 Nf6 3. Nc3 Nxd5 4. g3 Nxc3 5. bxc3 Nc6 6. Bg2 Qd6 7. e3 e5 8.
Ne2 Bg4 9. O-O Be7 10. h3 Bh5 11. g4 Bg6 12. Ng3 O-O 13. d4 exd4 14. cxd4 Bh4
15. Qb3 Bxg3 16. fxg3 Qxg3 17. e4 Qd6 18. d5 Nd4 19. Qd3 Qc5 20. Be3 Qxd5 21.
exd5 Bxd3 22. Rfd1 Nc2 23. Rxd3 Nxa1 24. Rc3 Rfe8 25. Bf2 Re2 26. Rc1 Nc2 27.
Bf3 Rd2 28. Be3 Rd3 29. Rxc2 Rxe3 30. Kf2 Ra3 31. Rxc7 Rxa2+ 32. Kg3 Rb8 33. d6
h6 34. Bxb7 Rd8 35. d7 Rd2 36. Bc6 Rd3+ 37. Kf4 g5+ 38. Ke4 Rd6 39. Ke5 Rd1 40.
Rc8 Re1+ 41. Kd6 Rd1+ 42. Kc7 R1xd7+ 43. Bxd7 Rxc8+ 44. Kxc8 a5 45. Kb7 Kf8 46.
Kb6 Ke7 47. Ba4 Ke6 48. Kxa5 Ke5 49. Bd1 f5 50. gxf5 Kxf5 51. Bg4+ Kf4 52. Kb5
Ke5 53. Kc5 Kf6 54. Kd5 Kg6 55. Ke5 h5 56. Bxh5+ Kxh5 57. Kf5 Kh4 58. Kg6 Kxh3
59. Kxg5 1/2-1/2

[Event "Junior Online 4NCL Division 2"]
[Site "online"]
[Date "2020.09.17"]
[Round "3.42"]
[White "Shahameeran, Ashika"]
[Black "Webb, Tom"]
[Result "1-0"]
[WhiteElo "1330"]
[BlackElo "1277"]
[PlyCount "21"]
[EventDate "2020.09.17"]
[WhiteTeam "St John's College B"]
[BlackTeam "Ojays E"]

1. e4 e5 2. Nf3 Nc6 3. Nc3 Nf6 4. d4 exd4 5. Nxd4 Ne5 6. Be2 d5 7. Bg5 Be7 8.
Bxf6 Bxf6 9. exd5 Qxd5 10. Nxd5 Bg5 11. f4 1-0

[Event "Junior Online 4NCL Division 2"]
[Site "online"]
[Date "2020.09.17"]
[Round "3.43"]
[White "Santhosh, Alwis Joe"]
[Black "Nukalapati, Sarthak"]
[Result "0-1"]
[WhiteElo "1255"]
[BlackElo "1232"]
[PlyCount "92"]
[EventDate "2020.09.17"]
[WhiteTeam "Ojays E"]
[BlackTeam "St John's College B"]

1. e4 e5 2. Nf3 Nc6 3. Bc4 Nf6 4. d3 Bc5 5. Nc3 O-O 6. Bg5 h6 7. Bh4 Be7 8. O-O
d6 9. h3 Be6 10. Bxf6 Bxf6 11. Nd5 Na5 12. Nxf6+ Qxf6 13. Bxe6 Qxe6 14. Qd2 Nc6
15. c3 Rfd8 16. Rfe1 d5 17. d4 exd4 18. exd5 Qxd5 19. Red1 d3 20. b3 Rd7 21. c4
Qd6 22. Qc3 Re8 23. Rd2 Re2 24. Rad1 Qc5 25. Rxe2 dxe2 26. Rxd7 Qf5 27. Rd5 Qe4
28. b4 f6 29. b5 Ne7 30. Rd3 Nf5 31. a3 Nh4 32. Nxh4 e1=Q+ 33. Kh2 Qxc3 34.
Rxc3 Qxh4 35. a4 Qxf2 36. Rf3 Qd4 37. g3 Qxc4 38. Rf4 Qe2+ 39. Kg1 Qd1+ 40. Kf2
Qc2+ 41. Kf3 g5 42. Rxf6 Qc3+ 43. Kg4 Qxf6 44. Kh5 Qg7 45. g4 Kh7 46. b6 Qg6#
0-1

[Event "Junior Online 4NCL Division 2"]
[Site "online"]
[Date "2020.09.17"]
[Round "3.44"]
[White "Sequeira, Robert"]
[Black "Rivera Machens, Rafael"]
[Result "1-0"]
[WhiteElo "1232"]
[BlackElo "1232"]
[PlyCount "71"]
[EventDate "2020.09.17"]
[WhiteTeam "St John's College B"]
[BlackTeam "Ojays E"]

1. e4 e5 2. Nf3 Nc6 3. Nc3 Nf6 4. d4 exd4 5. Nxd4 Bb4 6. Nxc6 bxc6 7. Bd3 O-O
8. O-O h6 9. h3 Bxc3 10. bxc3 d5 11. exd5 cxd5 12. Re1 Bd7 13. Bf4 Nh5 14. Qxh5
Re8 15. Qf3 Bc6 16. Qg3 Qf6 17. Be5 Rxe5 18. Qxe5 Qxe5 19. Rxe5 Re8 20. Rxe8+
Bxe8 21. a3 f6 22. Re1 Ba4 23. Re7 c5 24. Rxa7 c4 25. Rxa4 cxd3 26. cxd3 Kf7
27. Rb4 Ke6 28. a4 Kd7 29. a5 Kc6 30. d4 Kc7 31. a6 g5 32. a7 f5 33. a8=Q g4
34. Qa6 gxh3 35. Rb7+ Kc8 36. Qa8# 1-0

[Event "Junior Online 4NCL Division 2"]
[Site "online"]
[Date "2020.09.17"]
[Round "3.45"]
[White "Jaberansari, Benjamin"]
[Black "Conlon, Alexander"]
[Result "1-0"]
[WhiteElo "1375"]
[BlackElo "1285"]
[PlyCount "79"]
[EventDate "2020.09.17"]
[WhiteTeam "St John's College B"]
[BlackTeam "Ojays E"]

1. e4 g6 2. Nf3 Bg7 3. Nc3 e6 4. d4 Ne7 5. Bg5 O-O 6. Bc4 h6 7. Bh4 g5 8. Bg3
Ng6 9. O-O c6 10. Re1 b5 11. Bd6 bxc4 12. Bxf8 Qxf8 13. Qe2 Ba6 14. a3 d5 15.
exd5 cxd5 16. Ne5 Qd6 17. Na4 Nd7 18. Nxd7 Qxd7 19. Nc5 Qc6 20. Nxa6 Qxa6 21.
b3 cxb3 22. Qxa6 Bxd4 23. cxb3 Bxa1 24. Rxa1 Rb8 25. b4 Rd8 26. Qxa7 Rd6 27.
Qb8+ Kg7 28. Qxd6 f5 29. a4 Nf8 30. Qe7+ Kg8 31. a5 Kh8 32. a6 Kg8 33. a7 Kh8
34. Qxf8+ Kh7 35. a8=Q Kg6 36. b5 Kh5 37. b6 Kg4 38. Qxh6 f4 39. b7 e5 40. Qc8#
1-0

[Event "Junior Online 4NCL Division 2"]
[Site "online"]
[Date "2020.09.17"]
[Round "3.46"]
[White "Webb, Tom"]
[Black "Shahameeran, Ashika"]
[Result "1-0"]
[WhiteElo "1277"]
[BlackElo "1330"]
[PlyCount "113"]
[EventDate "2020.09.17"]
[WhiteTeam "Ojays E"]
[BlackTeam "St John's College B"]

1. e4 e5 2. Nf3 Nc6 3. Bc4 Nf6 4. d4 Bd6 5. dxe5 Bxe5 6. Nxe5 Nxe5 7. Qd4 d6 8.
Bg5 Ned7 9. O-O O-O 10. Re1 Qe7 11. Nc3 c5 12. Nd5 Qe6 13. Qd3 Ne5 14. Nxf6+
Kh8 15. Bxe6 Nxd3 16. cxd3 Bxe6 17. Nd5 Bxd5 18. exd5 Rfe8 19. Be7 Rac8 20.
Bxd6 Red8 21. Be7 Rxd5 22. Rac1 b6 23. d4 Rxd4 24. Red1 Re4 25. Bd6 h6 26. a3
Re2 27. b4 c4 28. Kf1 Ra2 29. Rd4 Rxa3 30. Rdxc4 Rxc4 31. Rxc4 Ra1+ 32. Ke2
Ra2+ 33. Kd3 Rxf2 34. g4 Rf6 35. Bb8 a6 36. Ba7 Rd6+ 37. Ke4 b5 38. Rd4 Re6+
39. Kd5 Re7 40. Bc5 Rd7+ 41. Kc6 Rxd4 42. Bxd4 Kg8 43. Kb6 Kf8 44. Bc5+ Ke8 45.
Kxa6 Kd7 46. Kxb5 Kc7 47. Bd4 Kb7 48. Bxg7 Kc7 49. Bxh6 Kd6 50. h4 Ke6 51. Bg5
Ke5 52. Kc5 f6 53. Bh6 Ke6 54. b5 Kd7 55. Bg7 Kc7 56. Bxf6 Kb7 57. h5 1-0

[Event "Junior Online 4NCL Division 2"]
[Site "online"]
[Date "2020.09.17"]
[Round "3.47"]
[White "Nukalapati, Sarthak"]
[Black "Santhosh, Alwis Joe"]
[Result "0-1"]
[WhiteElo "1232"]
[BlackElo "1255"]
[PlyCount "94"]
[EventDate "2020.09.17"]
[WhiteTeam "St John's College B"]
[BlackTeam "Ojays E"]

1. e4 e5 2. Nf3 Nc6 3. Nc3 Bc5 4. Nxe5 Bxf2+ 5. Kxf2 Nxe5 6. Ke1 Nf6 7. d4 Ng6
8. Bg5 h6 9. Be3 d6 10. Bd3 Bg4 11. Be2 Bxe2 12. Qxe2 O-O 13. Kd2 Re8 14. Rae1
Nxe4+ 15. Nxe4 Rxe4 16. Kc1 Qe7 17. Qd3 Re8 18. Kd2 Nf4 19. Qc3 Nxg2 20. Re2
Nxe3 21. Rhe1 Nf1+ 22. Kc1 Rxe2 23. Rxf1 Re1+ 24. Rxe1 Qxe1+ 25. Qxe1 Rxe1+ 26.
Kd2 Rh1 27. c4 Rxh2+ 28. Kc3 Kh7 29. b3 Rxa2 30. Kb4 h5 31. c5 a5+ 32. Kb5 Rc2
33. cxd6 cxd6 34. Kxa5 h4 35. b4 h3 36. b5 Rb2 37. Kb6 Rxb5+ 38. Kxb5 h2 39.
Kb6 h1=Q 40. Kb5 Kg6 41. Kc4 Kf5 42. Kb5 Qc1 43. Kb6 Ke4 44. Kxb7 Kxd4 45. Kb6
Qb1+ 46. Ka5 Kc5 47. Ka6 Qb6# 0-1

[Event "Junior Online 4NCL Division 2"]
[Site "online"]
[Date "2020.09.17"]
[Round "3.48"]
[White "Rivera Machens, Rafael"]
[Black "Sequeira, Robert"]
[Result "0-1"]
[WhiteElo "1232"]
[BlackElo "1232"]
[PlyCount "140"]
[EventDate "2020.09.17"]
[WhiteTeam "Ojays E"]
[BlackTeam "St John's College B"]

1. e4 e5 2. Nf3 Nc6 3. Bc4 h6 4. Nc3 Nf6 5. d3 Bc5 6. O-O d6 7. h3 O-O 8. Be3
Bb6 9. Bxb6 axb6 10. a3 Be6 11. Nd5 Nd4 12. Nxd4 exd4 13. Nxf6+ Qxf6 14. Bxe6
Qxe6 15. f4 f5 16. exf5 Qxf5 17. Qf3 Rab8 18. Rae1 c6 19. Re7 Rfe8 20. Re2 Qc5
21. Rfe1 Rf8 22. Rf1 d5 23. Qg4 Qd6 24. Qe6+ Qxe6 25. Rxe6 Rfe8 26. f5 Kf7 27.
Rxe8 Rxe8 28. Kh2 Re2 29. Rc1 Kf6 30. Kg3 Kxf5 31. Rf1+ Ke6 32. Rc1 Re3+ 33.
Kh4 Kf6 34. Rf1+ Kg6 35. g4 Re2 36. Rc1 Kh7 37. g5 hxg5+ 38. Kxg5 Rg2+ 39. Kf4
Re2 40. b4 Re3 41. h4 Rh3 42. Kg4 Re3 43. Rb1 Re2 44. Rc1 b5 45. c4 dxc4 46.
dxc4 bxc4 47. Rxc4 Re3 48. Rxd4 Rxa3 49. Rd7 b5 50. Rb7 Rc3 51. Rb6 Rc4+ 52.
Kf3 Rxb4 53. Rxc6 Rxh4 54. Rc5 b4 55. Rb5 Rc4 56. Ke3 g6 57. Kd3 Rg4 58. Ke3
Kh6 59. Kf3 Rc4 60. Kg3 g5 61. Kh3 Rc3+ 62. Kg4 Rc4+ 63. Kh3 Kh5 64. Kg3 Rc3+
65. Kh2 b3 66. Kg1 Kh4 67. Kh1 g4 68. Rb8 Kg3 69. Rxb3 Rxb3 70. Kg1 Rb1# 0-1

[Event "Junior Online 4NCL Division 2"]
[Site "online"]
[Date "2020.09.17"]
[Round "3.51"]
[White "Ravithas, Ashwin"]
[Black "Hariharan, Shambavi"]
[Result "1-0"]
[WhiteElo "1390"]
[BlackElo "1217"]
[PlyCount "171"]
[EventDate "2020.09.17"]
[WhiteTeam "St Albans Early Knights 2"]
[BlackTeam "Maid Marians 2"]

1. e4 c6 2. d4 d5 3. exd5 cxd5 4. Nc3 Nf6 5. Nf3 Nc6 6. Bb5 a6 7. Bxc6+ bxc6 8.
Bf4 Bg4 9. h3 Bf5 10. O-O h6 11. Be5 e6 12. Bg3 Bd6 13. Ne5 Rc8 14. Rc1 O-O 15.
Qe2 c5 16. Nf3 cxd4 17. Nxd4 Bg6 18. Nxe6 fxe6 19. Qxe6+ Kh8 20. Qxd6 Qa5 21.
Rfd1 Rfd8 22. Qe5 Re8 23. Qd4 Rcd8 24. Be5 Rf8 25. Bxf6 Rxf6 26. a3 Rfd6 27.
Qb4 Qc7 28. Qd4 Qf7 29. b4 Qf5 30. b5 axb5 31. Nxb5 R6d7 32. a4 Rf8 33. Rf1 Qg5
34. a5 Bf5 35. Qe3 Qg6 36. Qc3 Re7 37. Nd4 Rc8 38. Qb3 Rd7 39. Nxf5 Qxf5 40. a6
Ra8 41. Ra1 Rda7 42. Rfd1 d4 43. Rxd4 Rxa6 44. Rxa6 Rxa6 45. Rd8+ Kh7 46. Qd3
Ra1+ 47. Kh2 Qxd3 48. cxd3 Rd1 49. Kg3 Kg6 50. Kf3 Kf5 51. Ke2 Rg1 52. g3 Rh1
53. h4 Ra1 54. Re8 Ra4 55. Ke3 Kf6 56. d4 Kf7 57. Re4 Ra3+ 58. Kf4 Ra2 59. f3
Ra5 60. Re5 Ra4 61. Ke4 Kf6 62. g4 g6 63. Rc5 Ke6 64. Rc6+ Kf7 65. Ke5 Ra5+ 66.
Rc5 Ra8 67. d5 Re8+ 68. Kd4 Rd8 69. Rc7+ Kf6 70. f4 Rd6 71. Rc6 Rxc6 72. dxc6
Ke6 73. Kc5 Ke7 74. Kb6 Kd8 75. Kb7 Ke7 76. c7 Kd6 77. c8=Q g5 78. fxg5 hxg5
79. hxg5 Kd5 80. Kb6 Kd4 81. Qc2 Ke5 82. Qd3 Kf4 83. g6 Kg5 84. g7 Kxg4 85.
g8=Q+ Kf4 86. Qgg3# 1-0

[Event "Junior Online 4NCL Division 2"]
[Site "online"]
[Date "2020.09.17"]
[Round "3.52"]
[White "Pitts, Hannah"]
[Black "Cham, Alex"]
[Result "0-1"]
[WhiteElo "1022"]
[BlackElo "1285"]
[PlyCount "36"]
[EventDate "2020.09.17"]
[WhiteTeam "Maid Marians 2"]
[BlackTeam "St Albans Early Knights 2"]

1. e4 c6 2. Nf3 d5 3. exd5 cxd5 4. Nc3 Bf5 5. Bb5+ Nc6 6. d3 a6 7. Bxc6+ bxc6
8. h3 e6 9. Nh4 Bg6 10. Nxg6 hxg6 11. Be3 g5 12. Qd2 g4 13. O-O-O gxh3 14. gxh3
Qc7 15. a3 Rb8 16. Na4 Qb7 17. Bd4 Bxa3 18. bxa3 Qb1# 0-1

[Event "Junior Online 4NCL Division 2"]
[Site "online"]
[Date "2020.09.17"]
[Round "3.53"]
[White "Ravithas, Abinash"]
[Black "Stokes, Matthew"]
[Result "1-0"]
[WhiteElo "1337"]
[BlackElo "955"]
[PlyCount "89"]
[EventDate "2020.09.17"]
[WhiteTeam "St Albans Early Knights 2"]
[BlackTeam "Maid Marians 2"]

1. e4 d5 2. exd5 Qxd5 3. Nc3 Qd6 4. d4 Nf6 5. g3 Bf5 6. Bf4 Qe6+ 7. Be2 Qd7 8.
Nb5 a6 9. Nxc7+ Kd8 10. Nxa8 e6 11. Bxb8 Qc8 12. Bc7+ Ke8 13. g4 Bg6 14. h4 h6
15. c3 Qxa8 16. Qa4+ Nd7 17. Bb5 Qc8 18. Bxd7+ Qxd7 19. Qxd7+ Kxd7 20. Bg3 Be4
21. f3 Bd5 22. b3 Be7 23. O-O-O Rc8 24. Kc2 b5 25. Rh2 g5 26. hxg5 Bxg5 27. f4
Bf6 28. Rxh6 Ke7 29. Bh4 Bxh4 30. Rxh4 Be4+ 31. Kb2 Bf3 32. Nxf3 Rc7 33. Ne5
Ke8 34. Rh8+ Ke7 35. Rh7 Ke8 36. Rdh1 Kf8 37. Ng6+ Ke8 38. Re1 Kd7 39. Nf8+ Ke8
40. Nxe6 fxe6 41. Rxc7 Kd8 42. Rh7 Ke8 43. Rxe6+ Kf8 44. Ra7 Kg8 45. Re8# 1-0

[Event "Junior Online 4NCL Division 2"]
[Site "online"]
[Date "2020.09.17"]
[Round "3.55"]
[White "Hariharan, Shambavi"]
[Black "Ravithas, Ashwin"]
[Result "0-1"]
[WhiteElo "1217"]
[BlackElo "1390"]
[PlyCount "122"]
[EventDate "2020.09.17"]
[WhiteTeam "Maid Marians 2"]
[BlackTeam "St Albans Early Knights 2"]

1. d4 d5 2. Bf4 Nc6 3. Nf3 Nf6 4. e3 a6 5. a3 Bf5 6. c4 e6 7. Nc3 Be7 8. h3 O-O
9. cxd5 exd5 10. Bd3 Ne4 11. O-O Bg6 12. Qc2 Nxc3 13. Qxc3 h6 14. Rac1 Bxd3 15.
Qxd3 Bd6 16. Bxd6 Qxd6 17. Rfe1 Rfe8 18. b4 Rad8 19. Red1 Rb8 20. Qb3 Red8 21.
Rb1 b5 22. Rdc1 Rb6 23. Qc3 Rc8 24. Qc5 Qxc5 25. Rxc5 Ne7 26. Rbc1 c6 27. Ne5
f6 28. Nf3 Nf5 29. g4 Nd6 30. Nd2 Nc4 31. Nxc4 bxc4 32. Rb1 Rb5 33. a4 Rb6 34.
b5 axb5 35. axb5 Rcb8 36. Rb4 Kf7 37. Kf1 Ke6 38. Ke2 Kd6 39. Kd2 Rxb5 40.
Rbxb5 Rxb5 41. Rxb5 cxb5 42. Kc3 Kc6 43. Kb4 Kd6 44. f3 Ke6 45. e4 g6 46. exd5+
Kxd5 47. Kc3 b4+ 48. Kc2 Kxd4 49. h4 Ke3 50. Kb2 Kxf3 51. g5 hxg5 52. hxg5 fxg5
53. Kc2 g4 54. Kd2 g3 55. Ke1 b3 56. Kf1 b2 57. Ke1 b1=Q+ 58. Kd2 Qd3+ 59. Kc1
Qe2 60. Kb1 g2 61. Ka1 g1=Q# 0-1

[Event "Junior Online 4NCL Division 2"]
[Site "online"]
[Date "2020.09.17"]
[Round "3.56"]
[White "Cham, Alex"]
[Black "Pitts, Hannah"]
[Result "1-0"]
[WhiteElo "1285"]
[BlackElo "1022"]
[PlyCount "97"]
[EventDate "2020.09.17"]
[WhiteTeam "St Albans Early Knights 2"]
[BlackTeam "Maid Marians 2"]

1. d4 Nc6 2. Bf4 d5 3. e3 Nf6 4. c3 Bf5 5. Bd3 Bxd3 6. Qxd3 h6 7. Nf3 Nh5 8.
Bg3 Nxg3 9. hxg3 e6 10. g4 Be7 11. Nbd2 a6 12. e4 dxe4 13. Nxe4 e5 14. g5 exd4
15. cxd4 Nb4 16. Qb3 Qd7 17. O-O-O Qc6+ 18. Kb1 Qxe4+ 19. Ka1 Qe2 20. Rde1 Qb5
21. Ne5 O-O-O 22. Nxf7 Rdf8 23. Nxh8 Rxh8 24. Rxe7 Nd3 25. Qxb5 axb5 26. Rxg7
Rd8 27. gxh6 Nxf2 28. Rf1 Ne4 29. h7 Nd2 30. Rg8 Nxf1 31. Rxd8+ Kxd8 32. h8=Q+
Ke7 33. Qe5+ Kd8 34. Qf6+ Ke8 35. Qxf1 Ke7 36. Qxb5 Ke6 37. Qxb7 Kf5 38. Qxc7
Ke4 39. b4 Kd5 40. Qc5+ Ke6 41. Qe5+ Kd7 42. d5 Kc8 43. Qe7 Kb8 44. d6 Ka8 45.
g4 Kb8 46. g5 Ka8 47. g6 Kb8 48. g7 Ka8 49. g8=Q# 1-0

[Event "Junior Online 4NCL Division 2"]
[Site "online"]
[Date "2020.09.17"]
[Round "3.57"]
[White "Stokes, Matthew"]
[Black "Ravithas, Abinash"]
[Result "0-1"]
[WhiteElo "955"]
[BlackElo "1337"]
[PlyCount "88"]
[EventDate "2020.09.17"]
[WhiteTeam "Maid Marians 2"]
[BlackTeam "St Albans Early Knights 2"]

1. d4 d5 2. c4 e6 3. Nc3 Bb4 4. Bd2 Bxc3 5. Bxc3 Nc6 6. e3 Nf6 7. Nf3 O-O 8. a3
a6 9. Bd3 h6 10. O-O Rb8 11. Re1 b5 12. c5 b4 13. axb4 Nxb4 14. Qa4 Nxd3 15.
Red1 Nxb2 16. Bxb2 Rxb2 17. Rab1 Rxb1 18. Rxb1 Bd7 19. Qxa6 Qa8 20. Qxa8 Rxa8
21. Ne5 Ra7 22. Nxd7 Nxd7 23. c6 Nb8 24. Rxb8+ Kh7 25. g4 Ra6 26. h4 Rxc6 27.
f4 Rb6 28. g5 Rxb8 29. gxh6 Kxh6 30. Kg2 Kh5 31. Kg3 Rb3 32. Kf3 Kxh4 33. Kf2
Kg4 34. Ke2 c5 35. Kd2 cxd4 36. exd4 Kxf4 37. Kc2 Re3 38. Kd2 g5 39. Kc2 g4 40.
Kd2 g3 41. Kc2 g2 42. Kd2 g1=Q 43. Kc2 Qf2+ 44. Kc1 Re1# 0-1

[Event "Junior Online 4NCL Division 2"]
[Site "online"]
[Date "2020.09.17"]
[Round "3.58"]
[White "Vayzert, Darya"]
[Black "Liu, Lucy"]
[Result "1-0"]
[WhiteElo "1300"]
[BlackElo "887"]
[PlyCount "69"]
[EventDate "2020.09.17"]
[WhiteTeam "St Albans Early Knights 2"]
[BlackTeam "Maid Marians 2"]

1. d4 Nc6 2. Nf3 Nf6 3. e3 d5 4. Bd3 Bg4 5. h3 Bh5 6. g4 Bg6 7. c3 Bxd3 8. Qxd3
e6 9. Nbd2 Bd6 10. e4 dxe4 11. Nxe4 Nxe4 12. Qxe4 O-O 13. Be3 Re8 14. O-O-O f5
15. gxf5 exf5 16. Qxf5 Rf8 17. Qh5 Qe7 18. Rhg1 g6 19. Qh6 Rxf3 20. Qh5 Rff8
21. Qh6 Qd7 22. h4 Bh2 23. Rg2 Bd6 24. h5 Ne7 25. hxg6 hxg6 26. Rh1 Rf6 27.
Qh8+ Kf7 28. Qxa8 Nf5 29. Rh7+ Ng7 30. Bh6 Bf4+ 31. Bxf4 Rxf4 32. Qh8 Qa4 33.
Qxg7+ Ke6 34. Qe7+ Kf5 35. Qe5# 1-0

[Event "Junior Online 4NCL Division 2"]
[Site "online"]
[Date "2020.09.17"]
[Round "3.61"]
[White "Khandelwal, Akshaj"]
[Black "Sapsford, Oliver"]
[Result "0-1"]
[WhiteElo "1405"]
[BlackElo "1442"]
[PlyCount "64"]
[EventDate "2020.09.17"]
[WhiteTeam "Watford Juniors B"]
[BlackTeam "Border Bandits 1"]

1. d4 e6 2. c4 d5 3. Nc3 Nf6 4. e3 c5 5. Nf3 Nc6 6. b3 cxd4 7. Nxd4 Nxd4 8.
exd4 Bb4 9. Bb2 Qa5 10. Qf3 Ne4 11. cxd5 Nxc3 12. dxe6 Bxe6 13. Qxb7 O-O 14.
Bc4 Nxa2+ 15. Ke2 Nc3+ 16. Kf3 Qh5+ 17. Ke3 Nd5+ 18. Bxd5 Bxd5 19. Qxb4 Qg5+
20. f4 Rfe8+ 21. Kd3 Be4+ 22. Kc4 Rec8+ 23. Qc5 Rxc5+ 24. dxc5 Qxf4 25. Rhf1
Bxg2+ 26. Kd3 Bxf1+ 27. Kc2 Rd8 28. Rxa7 Qf5+ 29. Kc3 Qe5+ 30. Kb4 Qb8+ 31. Kc3
Qxa7 32. c6 Qc5# 0-1

[Event "Junior Online 4NCL Division 2"]
[Site "online"]
[Date "2020.09.17"]
[Round "3.62"]
[White "Goodwin, Robert Rhys"]
[Black "George, Seb"]
[Result "0-1"]
[WhiteElo "1318"]
[BlackElo "1240"]
[PlyCount "64"]
[EventDate "2020.09.17"]
[WhiteTeam "Border Bandits 1"]
[BlackTeam "Watford Juniors B"]

1. e4 Nc6 2. d4 Nf6 3. d5 Ne5 4. Bf4 Ng6 5. Qf3 d6 6. Nc3 Bg4 7. Qe3 c6 8. Be2
Nxf4 9. Qxf4 Bxe2 10. Ngxe2 cxd5 11. exd5 Qa5 12. Qf3 Rc8 13. O-O g6 14. a3 Bg7
15. Rad1 O-O 16. Rfe1 Nd7 17. h3 e6 18. dxe6 fxe6 19. Qc6 bxc6 20. Rxd6 Qc5 21.
Rdd1 Qxf2+ 22. Kh1 Bxc3 23. Nxc3 Ne5 24. Ne4 Qf4 25. Kg1 Rcd8 26. Rxd8 Rxd8 27.
Nf2 Rd2 28. Rf1 Nf3+ 29. Kh1 Rxf2 30. gxf3 Rxf1+ 31. Kg2 Qxf3+ 32. Kh2 Rh1# 0-1